Operation Research (Record no. 3637)

MARC details
000 -LEADER
fixed length control field 00321nam a2200133Ia 4500
008 - FIXED-LENGTH DATA ELEMENTS--GENERAL INFORMATION
fixed length control field 191201s2008 xx 000 0 und d
100 ## - MAIN ENTRY--PERSONAL NAME
Personal name Sharma, S D
245 #0 - TITLE STATEMENT
Title Operation Research
250 ## - EDITION STATEMENT
Edition statement Rep
260 ## - PUBLICATION, DISTRIBUTION, ETC. (IMPRINT)
Place of publication, distribution, etc N. delhi
Name of publisher, distributor, etc Kedar Nath Ram Nath and Co. Meerut
Date of publication, distribution, etc 2008
300 ## - PHYSICAL DESCRIPTION
Extent MISC
650 ## - SUBJECT ADDED ENTRY--TOPICAL TERM
Topical term or geographic name as entry element MCA
942 ## - ADDED ENTRY ELEMENTS (KOHA)
Source of classification or shelving scheme Dewey Decimal Classification
Koha item type Text Books
Holdings
Withdrawn status Lost status Source of classification or shelving scheme Damaged status Not for loan Collection code Home library Current library Date acquired Source of acquisition Cost, normal purchase price Bill Number Total Checkouts Full call number Acc. no. / Barcode Date last seen Bill Date Koha item type
    Dewey Decimal Classification     MCA PIET C-LIBRARY PIET C-LIBRARY 09/09/2011 J B C, New Delhi 400.00 SI-4643   003 SHO 10289 04/12/2019 11/12/2008 Text Books
    Dewey Decimal Classification     MCA PIET C-LIBRARY PIET C-LIBRARY 09/09/2011 J B C, New Delhi 400.00 SI-4643   003 SHO 10290 26/03/2021 11/12/2008 Text Books
    Dewey Decimal Classification     MCA PIET C-LIBRARY PIET C-LIBRARY 09/09/2011 J B C, New Delhi 400.00 SI-4643   003 SHO 10291 04/12/2019 11/12/2008 Text Books
    Dewey Decimal Classification     MCA PIET C-LIBRARY PIET C-LIBRARY 09/09/2011 J B C, New Delhi 400.00 SI-4643   003 SHO 10292 04/12/2019 11/12/2008 Text Books
    Dewey Decimal Classification     MCA PIET C-LIBRARY PIET C-LIBRARY 09/09/2011 J B C, New Delhi 400.00 SI-4643   003 SHO 10293 04/12/2019 11/12/2008 Text Books
    Dewey Decimal Classification     Computer Science and Engineering in AI & Machine Learning PIET C-LIBRARY PIET C-LIBRARY 09/09/2011 J B C, New Delhi 400.00 SI-4643   003 SHO 10294 04/12/2019 11/12/2008 Text Books
    Dewey Decimal Classification     Computer Science and Engineering in AI & Machine Learning PIET C-LIBRARY PIET C-LIBRARY 09/09/2011 J B C, New Delhi 400.00 SI-4643   003 SHO 10295 04/12/2019 11/12/2008 Text Books
    Dewey Decimal Classification     Computer Science and Engineering in AI & Machine Learning PIET C-LIBRARY PIET C-LIBRARY 09/09/2011 J B C, New Delhi 400.00 SI-4643   003 SHO 10296 04/12/2019 11/12/2008 Text Books

Design & Developed by: PIET Central Library
R70 Miles Stone Pattikalyana Samalkha Panipat 132102
mail ID :- [email protected], Phone No:- 0180-2569700 Ex.216